00436nam a2200133 i 4500001000300000100002100003245008200024260001900106700002200125040000800147041000800155008004100163856009800204bg1 aKNOBLOCH, Walter 0aEntwurfslehre der Gesundheitstechnik... /cWalter Knobloch, Wolfgang Lindeke. aBerlin,c1972.1 aLINDEKE, Wolfgang cBPK apol s pl f |000 0 pol  uhttp://koha.tu.koszalin.pl/cgi-bin/koha/opac-detail.pl?biblionumber=27149yKatalog online BPK